[Event "27th Faaker See Open"]
[Site "Latschach AUT"]
[Date "2011.08.16"]
[Round "5"]
[White "Niedermeier,T"]
[Black "Guido,F"]
[Result "1/2-1/2"]
[WhiteElo "2153"]
[BlackElo "2388"]

1.e4 c5 2.Nf3 e6 3.d4 cxd4 4.Nxd4 Nc6 5.Nc3 d6 6.Be3 Nf6 7.Qd2 Be7 8.f3 O-O
9.O-O-O a6 10.g4 Nd7 11.h4 Nde5 12.Qg2 Nxd4 13.Bxd4 Nc6 14.Be3 b5 15.g5 Qa5
16.Kb1 b4 17.Ne2 d5 18.exd5 b3 19.axb3 Nb4 20.Nc3 exd5 21.Bd3 Be6 22.h5 Rac8
23.Bd4 Rxc3 24.Bxc3 Qa2+ 25.Kc1 d4 26.Bxd4 Nxd3+ 27.Rxd3 Bf5 28.Rhd1 Bxd3
29.Rxd3 Qa1+ 30.Kd2 Bb4+ 31.Bc3 Re8 32.Re3 Rd8+ 33.Rd3 Re8 34.Re3 Rd8+ 35.Rd3 Re8  1/2-1/2

[Event "26th Universiade Men"]
[Site "Shenzhen CHN"]
[Date "2011.08.16"]
[Round "3.16"]
[White "Zhang,T"]
[Black "Vovk,Y"]
[Result "1/2-1/2"]
[WhiteElo "2262"]
[BlackElo "2564"]

1.e4 c5 2.Nf3 e6 3.d4 cxd4 4.Nxd4 Nc6 5.Nc3 Qc7 6.Be2 a6 7.Be3 b5 8.Nxc6 dxc6
9.O-O Nf6 10.f4 b4 11.e5 bxc3 12.exf6 cxb2 13.Rb1 gxf6 14.Rxb2 Rb8 15.Rxb8 Qxb8
16.Bd4 Be7 17.Qa1 Rg8 18.Bxf6 c5 19.Bf3 Rg6 20.Be2 Rg8 21.Bf3 Rg6  1/2-1/2

[Event "10th Lichtenberger Sommer"]
[Site "Berlin GER"]
[Date "2011.08.18"]
[Round "6.14"]
[White "Cremer,Ja"]
[Black "Jahnz,F"]
[Result "1/2-1/2"]
[WhiteElo "2033"]
[BlackElo "2211"]

1.e4 c5 2.Nf3 e6 3.d4 cxd4 4.Nxd4 Nc6 5.Nc3 Qc7 6.Be2 a6 7.O-O Nf6 8.Be3 Bb4
9.Na4 Bd6 10.g3 b5 11.Nb6 Rb8 12.Nxc8 Rxc8 13.a4 Nxd4 14.Bxd4 e5 15.Be3 Bc5
16.Bxc5 Qxc5 17.axb5 axb5 18.Ra5 O-O 19.c3 Rb8 20.Qd3 Qc6 21.Rd1 Rfc8 22.Rxb5 Rxb5
23.Qxb5 Qxe4 24.Rd6 h6 25.Qd3 Qxd3 26.Bxd3 Kf8 27.Bf5 Ke7 28.Rd2 Rc7 29.Re2 Kd6
30.f4 exf4 31.gxf4 Rc4 32.Rf2 Nd5 33.Rd2 Rxf4 34.Bxd7 Kxd7 35.Rxd5+ Kc6 36.Rd2 Kc5
37.Rf2 Rxf2 38.Kxf2  1/2-1/2

[Event "ch-FRA Accession"]
[Site "Caen FRA"]
[Date "2011.08.18"]
[Round "3.7"]
[White "Poignot,Q"]
[Black "Bujisho,B"]
[Result "0-1"]
[WhiteElo "2154"]
[BlackElo "2369"]

1.e4 c5 2.Nc3 Nc6 3.Nf3 e6 4.d4 cxd4 5.Nxd4 Qc7 6.Be2 a6 7.O-O Nf6 8.Be3 d6
9.f4 Be7 10.Kh1 O-O 11.a4 Re8 12.Bf3 Rb8 13.Qd2 Bd7 14.Nb3 b6 15.g4 Bc8 16.g5 Nd7
17.Bg2 Bf8 18.Qf2 Bb7 19.Qh4 g6 20.Rf3 Nb4 21.Rc1 d5 22.Rh3 h5 23.gxh6 Kh7
24.exd5 Bxd5 25.Nxd5 Nxd5 26.Bd2 Ne7 27.Bc3 Nf5 28.Qf2 Rbd8 29.Nd2 Nc5 30.Ne4 Nxe4
31.Bxe4 Bc5 32.Qf3 Bd4 33.Rf1 Re7 34.Bxf5 exf5 35.Qg2 Re4 36.Qg5 Qc6 37.Rhf3 Rde8
38.a5 bxa5 39.Bxd4 Rxd4 40.Kg1 Rd2 41.h4 Qb6+ 42.Kh1 Ree2  0-1

[Event "ch-FRA National B"]
[Site "Caen FRA"]
[Date "2011.08.18"]
[Round "4"]
[White "Cossin,S"]
[Black "Fargere,Fr"]
[Result "1-0"]
[WhiteElo "2502"]
[BlackElo "2492"]

1.e4 c5 2.Nf3 e6 3.d4 cxd4 4.Nxd4 Nc6 5.Nc3 Qc7 6.Be2 Nf6 7.O-O a6 8.Kh1 Be7
9.f4 d6 10.Be3 O-O 11.a4 Na5 12.Qd3 Bd7 13.Rad1 Rac8 14.Bc1 Nc6 15.Qg3 Nxd4
16.Rxd4 d5 17.e5 Ne4 18.Nxe4 dxe4 19.c3 Rfd8 20.Rxe4 Bc6 21.Re3 Bxa4 22.f5 exf5
23.Rxf5 Bb5 24.Bxb5 axb5 25.Re1 Qd7 26.Qf3 Rf8 27.Rf1 f6 28.e6 Qxe6 29.Rxb5 b6
30.Be3 Bc5 31.Bxc5 Rxc5 32.Rxc5 bxc5 33.b4 cxb4 34.cxb4 Rb8 35.Qf4 Qe5 36.Qxe5 fxe5
37.Rb1 Kf7 38.Kg1 Ke6 39.Kf2 Kd5 40.Ke3 Rb5 41.Kd3 h5 42.h4 e4+ 43.Kc3 Rb6
44.b5 Kc5 45.Kd2 Kd4 46.g3 g6 47.Ke2 Kc3 48.Rc1+ Kd4 49.Rb1 Kc3 50.Ke3 Kc2
51.Rb4 Kc3 52.Rxe4 Rxb5 53.Re6 g5 54.Rc6+ Kb2 55.Kf2 gxh4 56.gxh4 Rb4 57.Kg3 Rg4+
58.Kh3 Rd4 59.Rc5 Rd3+ 60.Kg2 Kb3  1-0

[Event "12th Miquel Mas Open"]
[Site "Figueres ESP"]
[Date "2011.08.18"]
[Round "9.2"]
[White "Aroshidze,L"]
[Black "Cuadras Avellana,Jo"]
[Result "1-0"]
[WhiteElo "2539"]
[BlackElo "2304"]

1.e4 c5 2.Nf3 e6 3.d4 cxd4 4.Nxd4 Nc6 5.Nc3 Qc7 6.Be3 a6 7.Qd2 Nf6 8.O-O-O Bb4
9.f3 b5 10.Kb1 Bb7 11.g4 h6 12.a3 Be7 13.h4 Rc8 14.Nxc6 Bxc6 15.Be2 b4 16.axb4 Bxb4
17.g5 Ng8 18.Qd4 Bf8 19.Bxa6 Ra8 20.Nb5 Qb8 21.Qb6 Qxb6 22.Bxb6 Rb8 23.Nc7+ Kd8
24.Nxe6+ Ke7 25.Bc7 Ra8 26.Bd6+ Ke8 27.Nc7+ Kd8 28.Nxa8 Bxd6 29.Rxd6  1-0

[Event "26th Universiade Women"]
[Site "Shenzhen CHN"]
[Date "2011.08.18"]
[Round "6"]
[White "Kalinina,O"]
[Black "Zawadzka,J"]
[Result "1-0"]
[WhiteElo "2222"]
[BlackElo "2405"]

1.e4 c5 2.Nf3 e6 3.d4 cxd4 4.Nxd4 Nc6 5.Nc3 Qc7 6.Be2 a6 7.O-O Nf6 8.Be3 Be7
9.f4 d6 10.Qe1 O-O 11.Kh1 Re8 12.Qg3 Nd7 13.f5 Nxd4 14.Bxd4 Bf8 15.fxe6 Rxe6
16.Bh5 f6 17.Bg4 Qc4 18.Bxe6+ Qxe6 19.Rae1 Be7 20.Nd5 Bd8 21.Ne3 Ne5 22.Nf5 g6
23.Bxe5 dxe5 24.Rd1 Bd7 25.Rd6 Qe8 26.Qb3+ Kf8 27.Qxb7 Be7 28.Nxe7 Kxe7 29.Rxd7+  1-0

[Event "Botvinnik 100th Open"]
[Site "St Petersburg RUS"]
[Date "2011.08.18"]
[Round "7"]
[White "Solovjov,S"]
[Black "Geller,J"]
[Result "0-1"]
[WhiteElo "2387"]
[BlackElo "2535"]

1.e4 c5 2.Nf3 Nc6 3.d4 cxd4 4.Nxd4 e6 5.Nc3 Qc7 6.Be2 Nf6 7.O-O Be7 8.Kh1 O-O
9.f4 d6 10.Be3 a6 11.a4 Nxd4 12.Qxd4 Bd7 13.e5 Ne8 14.Rad1 Bc6 15.b4 dxe5
16.fxe5 Rd8 17.Qc4 Rc8 18.Qg4 Bxg2+ 19.Qxg2 Qxc3 20.Bd3 Qxb4 21.Rf4 Qc3 22.Qxb7 Bg5
23.Bd4 Qc6+ 24.Qxc6 Rxc6 25.Rg4 Be7 26.Rb1 Nc7 27.Rb7 Rc8 28.Bf2 Nd5 29.c4 Nb4
30.Bf1 R6c7 31.Rxc7 Rxc7 32.c5 a5 33.Rc4 Nc6 34.Bg3 Nb4 35.Bf2 g6 36.Rc3 Nd5
37.Rc1 Bg5 38.Rc4 Be3 39.Be1 Nb4 40.Bxb4 axb4 41.c6 b3 42.Bd3 Bb6 43.Be4 Ra7
44.Kg2 Bc7 45.Kf3 Bxe5 46.h4 f5 47.Bd3 Kf7 48.Rb4 Kf6 49.Ke3 Bd6 50.Rxb3 Rxa4
51.Rb7 Rxh4 52.c7 Rh3+ 53.Ke2 Bxc7 54.Rxc7 h5 55.Rc6 Rh4 56.Kf3 g5 57.Bc4 Re4
58.Bd3 g4+  0-1

[Event "Stare Mesto FIDE Open"]
[Site "Stare Mesto CZE"]
[Date "2011.08.18"]
[Round "8"]
[White "Bacak Ml.,P"]
[Black "Kozusek,Daniel"]
[Result "1-0"]
[WhiteElo "2036"]
[BlackElo "1728"]

1.e4 c5 2.Nf3 e6 3.d4 cxd4 4.Nxd4 Nc6 5.Nc3 Nf6 6.Be2 Bb4 7.Nxc6 bxc6 8.e5 Nd5
9.Bd2 d6 10.exd6 Bxd6 11.Ne4 Be5 12.Qc1 Rb8 13.Rb1 O-O 14.Nc5 Qe7 15.Nd3 Bd6
16.O-O Ba6 17.Re1 c5 18.b3 c4 19.Nf4 c3 20.Nxd5 exd5 21.Bxa6 cxd2 22.Qxd2 Bxh2+
23.Kxh2 Qd6+ 24.Kg1 Qxa6 25.a4 Qc6 26.Re3 Rfc8 27.Rbe1 h6 28.R1e2 Rd8 29.Rd3 Rbc8
30.c4 Qg6 31.Re1 Rd6 32.Rxd5 Rb6 33.Qd3 Qf6 34.Rd1 Rbb8 35.c5 g6 36.Qc4 Qb2
37.R1d3 Qb1+ 38.Kh2 Qe1 39.Qf4 Rb4 40.Qxh6 Qe7 41.Rh3  1-0

[Event "17th Vienna Open A"]
[Site "Vienna AUT"]
[Date "2011.08.18"]
[Round "6.19"]
[White "Duport,N SUI"]
[Black "Hera,I"]
[Result "1/2-1/2"]
[WhiteElo "2169"]
[BlackElo "2536"]

1.e4 c5 2.Nf3 e6 3.d4 cxd4 4.Nxd4 Nc6 5.Nc3 Qc7 6.Be3 Nf6 7.f4 Bb4 8.Nb5 Qa5
9.e5 Ne4 10.Qd3 Nxc3 11.bxc3 Be7 12.g3 O-O 13.Bg2 f6 14.exf6 Bxf6 15.O-O d5
16.Rab1 a6 17.Nd6 Qc7 18.Nxc8 Raxc8 19.Bb6 Qd6 20.Rfe1 Nd8 21.Bd4 Qa3 22.Bh3 Bxd4+
23.Qxd4 Qxa2 24.Rb6 Qxc2 25.Bxe6+ Nxe6 26.Qxd5 Qxc3 27.Qxe6+ Kh8 28.Rxb7  1/2-1/2

[Event "86th ch-FRA"]
[Site "Caen FRA"]
[Date "2011.08.19"]
[Round "6"]
[White "Edouard,R"]
[Black "Bauer,Ch"]
[Result "1-0"]
[WhiteElo "2587"]
[BlackElo "2637"]

1.e4 c5 2.Nf3 e6 3.Nc3 Nc6 4.d4 cxd4 5.Nxd4 Qc7 6.Be3 a6 7.Qd2 Nf6 8.O-O-O Bb4
9.f3 Ne7 10.Nde2 d5 11.Bg5 dxe4 12.Bxf6 gxf6 13.Qd4 Bxc3 14.Nxc3 Qf4+ 15.Kb1 Nc6
16.Qc4 O-O 17.Nxe4 e5 18.Qc5 Be6 19.Bc4 Bxc4 20.Qxc4 Rad8 21.Qb3 Nd4 22.Qxb7 Rb8
23.Qxa6 Rxb2+ 24.Kxb2 Rb8+ 25.Kc3 Qe3+ 26.Rd3 Qe2 27.Rc1 Nb5+ 28.Kc4 Nd4
29.Nxf6+ Kh8 30.Nd7  1-0

[Event "26th Universiade Women"]
[Site "Shenzhen CHN"]
[Date "2011.08.19"]
[Round "8"]
[White "Kalinina,O"]
[Black "Vasilevich,I"]
[Result "0-1"]
[WhiteElo "2222"]
[BlackElo "2367"]

1.e4 c5 2.Nf3 e6 3.d4 cxd4 4.Nxd4 Nc6 5.Nc3 Qc7 6.Be2 a6 7.O-O Nf6 8.Be3 Bb4
9.Na4 Bd6 10.Nxc6 bxc6 11.Nb6 Rb8 12.Nxc8 Rxc8 13.Bxa6 Ra8 14.f4 e5 15.Bc4 exf4
16.Bd4 Be5 17.c3 d6 18.Qf3 h5 19.b4 Ra3 20.Bb3 g5 21.Qe2 Ng4 22.Qb2 Ra8 23.a4 Qe7
24.b5 O-O 25.Rfe1 cxb5 26.axb5 Rxa1 27.Qxa1 f3 28.gxf3 Nxh2 29.Bd1 g4 30.Bxe5 Qxe5
31.Kf2 Qf4 32.Be2 gxf3 33.Rg1+ Ng4+ 34.Rxg4+ hxg4 35.Bf1 g3+  0-1

[Event "13th Sants Open"]
[Site "Barcelona ESP"]
[Date "2011.08.20"]
[Round "2"]
[White "Barbero Senidic,A"]
[Black "Aroshidze,L"]
[Result "1-0"]
[WhiteElo "2264"]
[BlackElo "2539"]

1.e4 c5 2.Nf3 e6 3.d4 cxd4 4.Nxd4 Nc6 5.Nc3 Qc7 6.Be3 a6 7.Qd2 Nf6 8.O-O-O Bb4
9.f3 Ne5 10.Nb3 b5 11.Qe1 Be7 12.f4 Ng6 13.e5 Ng4 14.Bd3 Bb7 15.Ne4 O-O 16.h4 f5
17.exf6 Nxf6 18.Nxf6+ Bxf6 19.Qd2 Ne7 20.Nc5 Bd5 21.Ne4 Bxe4 22.Bxe4 d5 23.Bd3 b4
24.g4 Qa5 25.Kb1 d4 26.Bf2 Nd5 27.Bc4 Rad8 28.Rhe1 Nxf4 29.Qxf4 Bxh4 30.Rxe6 Kh8
31.Qh2 Bxf2 32.Rh1  1-0

[Event "61st ch-RUS w"]
[Site "Moscow RUS"]
[Date "2011.08.20"]
[Round "2"]
[White "Bodnaruk,A"]
[Black "Charochkina,D"]
[Result "0-1"]
[WhiteElo "2431"]
[BlackElo "2310"]

1.e4 c5 2.Nf3 Nc6 3.d4 cxd4 4.Nxd4 e6 5.Nc3 d6 6.g4 Nge7 7.Be3 a6 8.g5 b5
9.Nxc6 Nxc6 10.f4 Bb7 11.Bg2 Na5 12.b3 Qc7 13.Bd2 d5 14.exd5 b4 15.Ne4 Bxd5
16.O-O Rd8 17.Qe1 Be7 18.Rc1 O-O 19.c3 Qd7 20.Rc2 Nc6 21.cxb4 Nd4 22.Rb2 Nf5
23.Qf2 f6 24.g6 hxg6 25.Rc2 Nh4 26.Qxh4 Bxe4 27.Bxe4 Qd4+ 28.Qf2 Qxe4 29.Rc7 Bd6
30.Rc4 Qd3 31.Be3 e5 32.Rfc1 Rfe8 33.Bb6 Rd7 34.Bc5 Bb8 35.R4c3 Qd5 36.Re1 e4
37.Be3 Bd6 38.Rc4 Bb8 39.Rec1 Qe6 40.Rc6 Qg4+ 41.Qg2 Rd1+ 42.Kf2 Qd7 43.Qxg6 Bxf4
44.Rxd1 Bxe3+ 45.Kxe3 Qxc6 46.Qh5 f5 47.Qxf5 Qh6+ 48.Qf4 Qc6 49.Qd6 Qc3+
50.Kf4 Rf8+ 51.Kg5 Qe3+ 52.Kg4 Qf3+ 53.Kh4 Rf4+ 54.Kg5 Qg4+  0-1

[Event "XVI Seahorse Open A"]
[Site "Rewal POL"]
[Date "2011.08.20"]
[Round "2.26"]
[White "Kasperek,J"]
[Black "Szumilas,Pi"]
[Result "1/2-1/2"]
[WhiteElo "2025"]
[BlackElo "2162"]

1.e4 c5 2.Nf3 e6 3.d4 cxd4 4.Nxd4 Nc6 5.Nc3 Qc7 6.Be2 a6 7.O-O Nf6 8.Kh1 Nxd4
9.Qxd4 Bc5 10.Qd3 b5 11.f4 h5 12.Be3 Bxe3 13.Qxe3 b4 14.Na4 Qc6 15.Nb6 Rb8
16.Nxc8 Rxc8 17.Bf3 Qc5 18.Qxc5 Rxc5 19.e5 Nd5 20.Bxd5 exd5 21.a3 Rxc2 22.axb4 Ke7
23.Rxa6 Rhc8 24.f5 Rf2 25.Kg1 Rxb2 26.f6+ Kf8 27.Rfa1 gxf6 28.exf6 Kg8 29.Ra8 Rxa8
30.Rxa8+ Kh7 31.Rd8 Rxb4 32.Rxd7 Kg6 33.Rxd5 Rb6 34.h4 Rxf6 35.Rg5+ Kh6 36.Kh2 Ra6
37.g4 Ra2+ 38.Kg3 Ra3+ 39.Kg2 hxg4 40.Rxg4 Kh5 41.Rf4 Ra2+  1/2-1/2

[Event "PK NBSB Open A"]
[Site "Roosendaal NED"]
[Date "2011.08.20"]
[Round "4"]
[White "Steenbekkers,F"]
[Black "Klein Douwel,John"]
[Result "1/2-1/2"]
[WhiteElo "2223"]
[BlackElo "1934"]

1.e4 c5 2.Nc3 e6 3.Nf3 Nc6 4.d4 cxd4 5.Nxd4 Nf6 6.Be2 Bb4 7.Nxc6 bxc6 8.Bd3 d5
9.e5 Nd7 10.Qg4 Bf8 11.f4 Qb6 12.Qf3  1/2-1/2

[Event "Shepetivka Open"]
[Site "Shepetivka UKR"]
[Date "2011.08.20"]
[Round "8.10"]
[White "Gavriliuk,A"]
[Black "Cherepov,A"]
[Result "0-1"]
[WhiteElo "1864"]
[BlackElo "2249"]

1.e4 c5 2.Nf3 Nc6 3.Nc3 e6 4.d4 cxd4 5.Nxd4 Qc7 6.Be3 Nf6 7.a3 a6 8.Be2 Be7
9.O-O O-O 10.Kh1 d6 11.f4 Re8 12.Bf3 Rb8 13.Qe2 Na5 14.Nd1 b5 15.c3 Bb7 16.Bg1 Bf8
17.Nc2 e5 18.f5 d5 19.Nf2 Nc4 20.Ne3 dxe4 21.Bg4 Nxe3 22.Qxe3 Bc5 23.Qe2 Rbd8
24.Bh3 Rd7 25.Ng4 Nxg4 26.Qxg4 f6 27.Rad1 Red8 28.Rxd7 Rxd7 29.Qh5 Rd8 30.Rd1 Bxg1
31.Kxg1 Rxd1+ 32.Qxd1 Qc5+ 33.Kh1 Bd5 34.Bg4 Kf7 35.Bh5+ Ke7 36.Qg4 Kf8 37.Qe2 e3
38.Kg1 Bc4 39.Qe1 e2+ 40.Kh1 Qe3 41.Bf3 g6 42.fxg6 hxg6 43.Bb7 a5 44.h3 Kg7
45.Kh2 Qf4+  0-1

[Event "Brasschaat Masters"]
[Site "Brasschaat BEL"]
[Date "2011.08.21"]
[Round "2.1"]
[White "Dardha,A"]
[Black "Maes,W"]
[Result "1/2-1/2"]
[WhiteElo "2302"]
[BlackElo "2245"]

1.e4 c5 2.Nf3 e6 3.d4 cxd4 4.Nxd4 Nc6 5.Nc3 Qc7 6.Nxc6 bxc6 7.Bd3 Nf6 8.O-O e5
9.Bc4 Be7 10.Kh1 O-O 11.f4 exf4 12.Bxf4 d6 13.Qf3 Be6 14.Bb3 Rad8 15.Rae1 Bxb3
16.axb3 Nd7 17.Ra1 Bf6 18.Qf2 a5 19.Ra4 Rfe8 20.Rfa1 Ra8 21.Qg3 Be5 22.h3 g6
23.b4 Rab8 24.Bxe5 Rxe5 25.bxa5 Rxb2 26.a6 Rb8 27.Rd4 Nc5 28.Qf2 Ra8 29.Qd2 Re6
30.a7 Rxa7 31.Rd1 Qe7 32.Rxd6 Rxd6 33.Qxd6 Qxd6 34.Rxd6 Ra3 35.Ne2 Re3 36.Rxc6 Rxe2
37.Rxc5 Rxe4 38.Kh2 Re3 39.Kg1 Re2 40.Kh2 Re3 41.Rc7 h5 42.Kg1 Re2 43.Kf1 Rd2
44.c4 Kg7 45.c5 Kf6 46.g3 Ke6  1/2-1/2

[Event "Trade Fair Open A"]
[Site "Brno CZE"]
[Date "2011.08.21"]
[Round "2"]
[White "Rehurek,L"]
[Black "Cvek,R"]
[Result "0-1"]
[WhiteElo "2214"]
[BlackElo "2506"]

1.e4 c5 2.Nf3 Nc6 3.d4 cxd4 4.Nxd4 e6 5.Nc3 a6 6.Be2 Nf6 7.Nxc6 bxc6 8.e5 Nd5
9.Ne4 f5 10.exf6 Nxf6 11.Nd6+ Bxd6 12.Qxd6 Qa5+ 13.Bd2 Qd5 14.Bb4 Qxd6 15.Bxd6 Ne4
16.Ba3 a5 17.O-O Ba6 18.Bxa6 Rxa6 19.Rfe1 Nf6 20.Rad1 Kf7 21.Rd6 Rb8 22.c4 a4
23.f4 Ra7 24.h3 h5 25.g3 Rab7 26.Re2 Rc8 27.Re5 Ra7 28.Kg2 g6 29.Kf3 Rh8
30.Bb4 Rb8 31.Ba3 Ne8 32.Rd2 d5 33.g4 Nf6 34.cxd5 cxd5 35.Rc2 Nd7 36.Rg5 hxg4+
37.hxg4 Rh8 38.Kg2 Nf6 39.f5 gxf5 40.gxf5 exf5 41.Rxf5 Ra6 42.Rc7+ Kg6 43.Rf3 Re8
44.Re7 Rxe7 45.Bxe7 Ne4 46.Rd3 Kf7 47.Bb4 Rb6 48.a3 Rg6+ 49.Kf1 Ke6 50.b3 axb3
51.Rxb3 d4 52.Ke2 Kd5 53.Be1 Nc5 54.Rb8 Re6+ 55.Kf1 Nd3 56.Rd8+ Ke4 57.Rh8 Rb6
58.Rh4+ Kd5 59.Ke2 Kc4 60.Bd2 Re6+ 61.Kd1 Nf2+ 62.Kc2 Re2 63.Rh8 d3+ 64.Kc1 Ne4
65.Rc8+ Kb3 66.Re8 Kxa3 67.Ra8+ Kb3 68.Rb8+ Kc4 69.Bh6 Rc2+ 70.Kd1 Rh2 71.Rc8+ Kb5  0-1

[Event "26th Universiade Men"]
[Site "Shenzhen CHN"]
[Date "2011.08.21"]
[Round "9"]
[White "Kurmann,O"]
[Black "Swinkels,R"]
[Result "1/2-1/2"]
[WhiteElo "2431"]
[BlackElo "2483"]

1.e4 c5 2.Nf3 e6 3.d4 cxd4 4.Nxd4 Nc6 5.Nc3 Qc7 6.Be3 a6 7.Qd2 Nf6 8.Qd1 Ng8
9.Qd2 Nf6 10.O-O-O Bb4 11.f3 O-O 12.g4 Ne5 13.g5 Nh5 14.a3 Bxc3 15.Qxc3 Qxc3
16.bxc3 d5 17.Be2 Ng6 18.exd5 exd5 19.Rhe1 Nhf4 20.Bf1 Bd7 21.c4 dxc4 22.Bxf4 Nxf4
23.Re7 Rad8 24.Bxc4 Ng6 25.Re4 Bc8 26.a4 Rd6 27.h4 Rfd8 28.h5 Nf8 29.Rd3 Ne6
30.Nxe6 Bxe6 31.Rde3 Rf8 32.f4 Bxc4 33.Rxc4 h6 34.Re5 Rfd8 35.Rc7 R6d7 36.Re8+ Rxe8
37.Rxd7 Re4 38.Rd8+ Kh7 39.Rf8  1/2-1/2

[Event "Trade Fair Open A"]
[Site "Brno CZE"]
[Date "2011.08.23"]
[Round "4"]
[White "Pacher,M"]
[Black "Cvek,R"]
[Result "0-1"]
[WhiteElo "2408"]
[BlackElo "2506"]

1.e4 c5 2.Nf3 e6 3.d4 cxd4 4.Nxd4 Nc6 5.Nc3 Qc7 6.g3 a6 7.Bg2 d6 8.Nxc6 bxc6
9.O-O Nf6 10.Na4 Bb7 11.c4 c5 12.Qe2 Be7 13.b3 O-O 14.Bb2 Nd7 15.Rad1 Bc6
16.Nc3 Bf6 17.f4 Bd4+ 18.Kh1 Rfe8 19.Rd3 Qb7 20.Nd1 e5 21.f5 a5 22.Nc3 a4
23.bxa4 Qb4 24.g4 Qxc4 25.g5 Reb8 26.Ba1 Bxc3 27.Bxc3 Rxa4 28.f6 Rxa2 29.Bd2 Bb5
30.Rff3 Qc2 31.Bh3 Bxd3 32.Rxd3 Rb1+ 33.Kg2 Rd1  0-1

[Event "ch-FRA National B"]
[Site "Caen FRA"]
[Date "2011.08.23"]
[Round "8"]
[White "Libiszewski,F"]
[Black "Fargere,Fr"]
[Result "1-0"]
[WhiteElo "2480"]
[BlackElo "2492"]

1.e4 c5 2.Nf3 e6 3.d4 cxd4 4.Nxd4 Nc6 5.Nc3 Qc7 6.f4 a6 7.Nxc6 Qxc6 8.Bd3 b5
9.Qe2 Bb7 10.Bd2 Bc5 11.a4 b4 12.Nd5 Qd6 13.Ne3 Qxf4 14.O-O-O Ne7 15.Rhf1 Qc7
16.Nc4 e5 17.Qh5 Ng6 18.Rf5 f6 19.Ne3 O-O-O 20.Nd5 Bxd5 21.exd5 Nf4 22.Bxa6+ Kb8
23.Qf3 Qb6 24.Bb5 g6 25.Rxf4 exf4 26.Bxf4+ Ka7 27.Kb1 Rhe8 28.Qg3 Kb7 29.Qh3 Re7
30.d6 Rg7 31.Qh6 Rgg8 32.Qxh7 g5 33.Bg3 Kb8 34.Qf5 Bd4 35.Bxd7 Qc5 36.Rxd4 Qxd4
37.Qb5+ Ka7 38.Bc6  1-0

[Event "20th Kaerntner Chess Summer"]
[Site "Feffernitz AUT"]
[Date "2011.08.25"]
[Round "6"]
[White "Mazi,L"]
[Black "Malakhatko,V"]
[Result "0-1"]
[WhiteElo "2332"]
[BlackElo "2548"]

1.e4 c5 2.Nf3 e6 3.d4 cxd4 4.Nxd4 Nc6 5.Nc3 Qc7 6.Be3 a6 7.Qd2 Nf6 8.f3 h5
9.O-O-O Be7 10.Kb1 b5 11.Qf2 d6 12.Nxc6 Qxc6 13.Bd3 b4 14.Ne2 e5 15.h3 h4
16.Bg5 Nd7 17.Bxe7 Kxe7 18.f4 Qc5 19.Qe1 Nf6 20.Rf1 a5 21.Ng1 a4 22.fxe5 dxe5
23.Nf3 a3 24.b3 Be6 25.c4 bxc3 26.Bc2 Rhd8 27.Nxh4 Rxd1+ 28.Qxd1 Rd8 29.Qc1 Rd2
30.Rd1 Nxe4 31.Bxe4 Rxd1 32.Qxd1 Qf2 33.Qc1 Qxh4 34.Qxa3+ Kf6 35.Bc2 Qd4
36.Qc1 g6 37.Qe1 Bd5 38.g3 e4 39.Qf1+ Ke7 40.Qd1 Qc5 41.Qe1 f5 42.g4 Qd4
43.gxf5 gxf5 44.Qh4+ Kd7 45.Qg3 Be6 46.h4 e3 47.Qf3 Qd2 48.Qb7+ Kd8 49.Qb8+ Ke7
50.Qg3 e2 51.Qg7+ Kd8 52.Qh8+ Kd7 53.Qg7+ Kc6 54.Qg2+ Kd6  0-1

[Event "BDO Premier"]
[Site "Haarlem NED"]
[Date "2011.08.25"]
[Round "6.5"]
[White "Huschenbeth,N"]
[Black "Vaibhav,S"]
[Result "1/2-1/2"]
[WhiteElo "2521"]
[BlackElo "2430"]

1.e4 c5 2.Nf3 e6 3.d4 cxd4 4.Nxd4 Nc6 5.Nc3 Qc7 6.Be3 a6 7.Bd3 Nf6 8.O-O Nxd4
9.Bxd4 Bc5 10.Be2 d6 11.Bxf6 gxf6 12.Qd2 Bd7 13.Rad1 Rg8 14.Qh6 Ke7 15.Bh5 Raf8
16.g3 Bc6 17.Rfe1 Bb4 18.Re3 Bxc3 19.Rxc3 Qb6 20.Rcd3 Rd8 21.Qxh7 Rgf8 22.b3 Qc5
23.c4 a5 24.Re3 Qe5 25.h4 Rde8 26.f4 Qc5 27.Kf2 a4 28.e5 dxe5 29.fxe5 fxe5
30.Qg7 e4 31.g4 axb3 32.axb3 Ra8 33.Rd2 Rad8 34.Rxd8 Kxd8 35.Qg5+ Qxg5 36.hxg5 Ke7
37.b4 Rg8 38.b5 Bd7 39.Rxe4 Rxg5 40.Kg3 b6 41.Rf4 f6 42.Rf2 e5 43.Kh4 Be6
44.Rc2 e4 45.Kg3 Rc5 46.Bg6 Rxc4 47.Rxc4 Bxc4 48.Bxe4 Bxb5 49.Kf4 Bc4 50.g5 fxg5+
51.Kxg5 Kd6 52.Kf4 Kc5 53.Ke3 Kb4 54.Kd2 Kb3 55.Bc6 Ka3 56.Kc3 Be2 57.Bd7 Bd1
58.Bb5 Ba4 59.Bc4 Bc6 60.Be2 Ka4 61.Kb2  1/2-1/2

[Event "11th Metropolitan Invitational"]
[Site "Los Angeles USA"]
[Date "2011.08.25"]
[Round "5"]
[White "Matikozian,A"]
[Black "Amanov,Z"]
[Result "1/2-1/2"]
[WhiteElo "2451"]
[BlackElo "2382"]

1.e4 c5 2.Nc3 e6 3.Nf3 Nc6 4.d4 cxd4 5.Nxd4 Nf6 6.Bc4 Qc7 7.Bb3 a6 8.Be3 b5
9.f3 Bb7 10.g4 h6 11.Nxc6 dxc6 12.a4 Nd7 13.Qe2 Bd6 14.O-O g5 15.Rad1 Ne5
16.Rd2 Ng6 17.Rfd1 O-O-O 18.Qf2 Bf4 19.Bb6 Rxd2 20.Rxd2 Qe7 21.Rd1 Bc7 22.Bxc7 Qxc7
23.Ne2 Rd8 24.Rxd8+ Qxd8 25.Qd4 Qxd4+ 26.Nxd4 c5 27.Ne2 Kc7 28.axb5 axb5
29.Kf2 Kd6 30.Ke3 Ke5 31.c3 f5 32.exf5 exf5 33.gxf5 Nh4 34.Ng1 Nxf5+ 35.Kf2 Nd6
36.Ne2 b4 37.cxb4 cxb4 38.Nc1 Kd4 39.Na2 Kc5 40.Kg3 h5 41.Be6 Nc4 42.h4 gxh4+
43.Kxh4 Bxf3 44.Bf7  1/2-1/2

[Event "XVI Seahorse Open A"]
[Site "Rewal POL"]
[Date "2011.08.25"]
[Round "6"]
[White "Sliwicki,D"]
[Black "Szumilas,Pi"]
[Result "0-1"]
[WhiteElo "1899"]
[BlackElo "2162"]

1.e4 c5 2.Nf3 Nc6 3.d4 cxd4 4.Nxd4 e6 5.Nc3 Qc7 6.Ndb5 Qb8 7.a4 Nf6 8.Bd3 Bb4
9.Bg5 a6 10.Bxf6 gxf6 11.Na3 Bxc3+ 12.bxc3 Qc7 13.O-O Na5 14.Qd2 d6 15.Qf4 Ke7
16.c4 Bd7 17.Rfe1 Qc5 18.Qd2 Bxa4 19.Kh1 Bd7 20.f4 Rac8 21.Qc3 Rhg8 22.Bf1 Rg4
23.e5 dxe5 24.fxe5 f5 25.Rad1 Bc6 26.Rd2 Be4 27.Red1 Nc6 28.Rd7+ Ke8 29.Qh3 Nxe5
30.R7d2 Nf3 31.Be2 Rh4 32.Qg3 Rxh2+ 33.Qxh2 Nxh2 34.Kxh2 Qxa3 35.Bh5 Qe7
36.g3 Rxc4 37.Bxf7+ Kxf7 38.Rd7 Rxc2+ 39.Kg1 a5 40.g4 Rg2+ 41.Kf1 Rxg4 42.Kf2 a4
43.Ke3 a3 44.Rxe7+ Kxe7 45.Kd4 Bc2+ 46.Ke5 Re4+  0-1

[Event "Caissa GM Aug 2011"]
[Site "Kecskemet HUN"]
[Date "2011.08.26"]
[Round "7.2"]
[White "Illingworth,M"]
[Black "Mihok,O"]
[Result "1-0"]
[WhiteElo "2389"]
[BlackElo "2457"]

1.e4 c5 2.Nf3 e6 3.d4 cxd4 4.Nxd4 Nc6 5.Nc3 Qc7 6.Be3 a6 7.Qd2 Nf6 8.O-O-O Be7
9.f4 d6 10.Be2 O-O 11.g4 Nxd4 12.Bxd4 b5 13.g5 Nd7 14.a3 Bb7 15.h4 Nc5 16.Bf3 a5
17.Qe3 b4 18.Nb5 Qc6 19.Bxc5 dxc5 20.c4 bxc3 21.Nxc3 c4 22.Rhf1 Bc5 23.Qe2 e5
24.fxe5 Qc7 25.e6 fxe6 26.Bg4 Rae8 27.Kb1 Rxf1 28.Qxf1 Bb6 29.Ka1 Qc6 30.h5 Rf8
31.Qh3 Bc8 32.h6 g6 33.e5 Bc7 34.Rd6 Bxd6 35.Bxe6+ Rf7 36.exd6 Bxe6 37.Qxe6 Qd7
38.Qxc4 Qxd6 39.Ne4 Qc7 40.Nf6+ Kf8 41.Qd5 Qc8 42.Qd6+ Re7 43.Nxh7+ Kf7 44.Qf6+ Kg8
45.Qxg6+ Kh8 46.Qf6+ Kg8 47.Qxe7 Qc1+ 48.Ka2 Qc4+ 49.Kb1 Qd3+ 50.Kc1 Qc4+
51.Kd2 Qd4+ 52.Ke1 Qh4+ 53.Ke2 Qc4+ 54.Kf3 Qf1+ 55.Kg4 Qg2+ 56.Kf5 Qf3+ 57.Ke6 Qe4+
58.Kd6 Qd3+ 59.Kc6 Qc4+ 60.Kb6 Qd4+ 61.Kxa5 Qd5+ 62.Kb6 Qd4+ 63.Qc5 Qd8+
64.Qc7 Qd4+ 65.Ka5 Qd5+ 66.Kb4 Qd2+ 67.Qc3 Qd6+ 68.Kb3  1-0

[Event "23rd Schlosspark-Open"]
[Site "Wiesbaden GER"]
[Date "2011.08.26"]
[Round "3.25"]
[White "Feller,F"]
[Black "Weiler,D"]
[Result "0-1"]
[WhiteElo "1977"]
[BlackElo "2142"]

1.e4 c5 2.Nf3 Nc6 3.d4 cxd4 4.Nxd4 e6 5.Nc3 Qc7 6.Be3 a6 7.f4 b5 8.Bd3 Nxd4
9.Bxd4 Qxf4 10.g3 Qc7 11.Qf3 Bb7 12.Rf1 f6 13.Qf2 Rc8 14.e5 Bc5 15.Be4 Bxd4
16.Qxd4 fxe5 17.Qd1 Nf6 18.Rxf6 gxf6 19.Qh5+ Ke7 20.Qh6 Rcg8 21.O-O-O f5
22.Qh4+ Ke8 23.Bd3 Qd8 24.Qh5+ Rg6 25.h4 Kf8 26.Rf1 Kg7 27.Qe2 e4 28.h5 Rg4
29.Bxe4 Bxe4 30.Nxe4 Rxe4 31.h6+ Kg6 32.Qd1 d5 33.Rh1 Qg5+ 34.Kb1 Rc8 35.c3 b4
36.Qd3 bxc3 37.bxc3 Qe3  0-1

[Event "31st Presolana Open"]
[Site "Presolana ITA"]
[Date "2011.08.27"]
[Round "8.11"]
[White "Krzyzanowski,M"]
[Black "Horvath,Cs1"]
[Result "0-1"]
[WhiteElo "2370"]
[BlackElo "2517"]

1.e4 c5 2.Nf3 e6 3.d4 cxd4 4.Nxd4 Nc6 5.Nc3 Qc7 6.Be2 a6 7.O-O b5 8.Nxc6 dxc6
9.Bf3 Bb7 10.Qe2 Bd6 11.g3 Nf6 12.a4 O-O 13.Bg2 e5 14.Nd1 Rfe8 15.Ne3 g6
16.Rd1 Rad8 17.Bd2 Qe7 18.b3 Bc5 19.Ba5 Rd4 20.c3 Rxe4 21.Bxe4 Nxe4 22.Rd3 Qe6
23.Rad1 Be7 24.b4 c5 25.Ng4 c4 26.Re3 f5 27.axb5 axb5 28.h4 Bf8 29.Nh2 Bh6
30.Rf3 Nf6 31.Bd8 Bxf3 32.Nxf3 Nd5 33.Bg5 Nxc3 34.Qd2 Ne4 35.Qe3 Bf8 36.Qa7 Qc6
37.Rd7 Ra8 38.Rc7 Rxa7 39.Rxc6 Ra1+ 40.Kg2 Ra2 41.Nxe5 Rxf2+ 42.Kg1 Re2 43.Nd7 Bxb4
44.Bf4 Be7 45.Kf1 Rf2+ 46.Kg1 Ra2  0-1

[Event "XVI Seahorse Open A"]
[Site "Rewal POL"]
[Date "2011.08.27"]
[Round "8"]
[White "Paszewski,M"]
[Black "Zakrzewski,Mare"]
[Result "1-0"]
[WhiteElo "1905"]
[BlackElo "2097"]

1.e4 c5 2.Nf3 e6 3.Nc3 Nc6 4.d4 cxd4 5.Nxd4 Qc7 6.g3 a6 7.Bg2 Nf6 8.O-O Be7
9.Re1 O-O 10.Nxc6 dxc6 11.e5 Rd8 12.Qf3 Nd5 13.Nxd5 exd5 14.Qh5 g6 15.Qh6 Bf5
16.Re2 Re8 17.Qd2 f6 18.Qc3 fxe5 19.Rxe5 Bf6 20.Rxe8+ Rxe8 21.Qxf6 Re1+ 22.Bf1 Bh3
23.Bh6  1-0